| 000 | 01378nam a22002897a 4500 | ||
|---|---|---|---|
| 001 | 8758 | ||
| 003 | FISKH | ||
| 005 | 20251212103617.0 | ||
| 008 | 251017b cb ||||| |||| 00| 0 eng d | ||
| 020 | _a9789995001476 | ||
| 040 |
_aFISKH _bkhr _cFISKH _dFISKH |
||
| 050 | _aPZ7 | ||
| 082 | _a895 | ||
| 100 | _aSakal, Nguon | ||
| 245 |
_aកំរងរឿងនិទានអប់រំ សម្រាប់កុមារ ៦ : _cអ្នកនិពន្ធ អ្នកស្រី ងួន កុសល , អ្នករៀបរៀង អ៊ុំ បុប្ផា និងលោក សេង តុងបុត្តា _bសត្វសេកនិងឥន្ទធនូ ឆ្លើយត្រូវបានហូប / |
||
| 260 |
_aភ្នំពេញ : _bគ្រឹះស្ថានបោះពុម្ពនិងចែកផ្សាយ , _c២០១២ . |
||
| 300 |
_a16 pages : _bcolor illustrations ; _c17*18 cm . |
||
| 490 |
_aកម្រងរឿងនិទានអប់រំសម្រាប់កុមារ _v៦ |
||
| 505 | _aG | ||
| 521 | 8 |
_a380
_bLexile estimate |
|
| 521 | 8 |
_aG
_bRaz-Plus |
|
| 650 |
_aសត្វសេក _vរឿងនិទានកុមារ |
||
| 650 |
_aParrot _vChildren's stories |
||
| 700 |
_aVisal, Seng _eIllustrator |
||
| 942 |
_2ddc _cKHB _n0 |
||
| 999 |
_c8758 _d8758 |
||